Technopolis : high-technology industry and regional development in Southern California
Saved in:
| Main Author: | |
|---|---|
| Format: | Book |
| Language: | English |
| Published: |
Berkeley :
University of California Press,
1993
|
| Subjects: | |
| Tags: |
Add Tag
No Tags, Be the first to tag this record!
|
MARC
| LEADER | 00000nam a2200000 i 4500 | ||
|---|---|---|---|
| 001 | 1/99052 | ||
| 008 | 950322s1993 eng d | ||
| 020 | |a 0-520-08189-7 | ||
| 035 | |l 10011158 | ||
| 040 | |a GR-MY-UA |b gre |e aacr | ||
| 041 | 0 | |a eng | |
| 082 | 0 | |a 338.6042 | |
| 100 | 1 | |a Scott, Allen John. | |
| 245 | 1 | 0 | |a Technopolis : |b high-technology industry and regional development in Southern California / |c Allen J. Scott |
| 260 | |a Berkeley : |b University of California Press, |c 1993 | ||
| 300 | |a 322 p. | ||
| 504 | |a Includes bibliographical references and index | ||
| 650 | 0 | 0 | |a High technology industries |z California, Southern. |
| 650 | 0 | 0 | |a Regional planning |z California, Southern. |
| 650 | 0 | 0 | |a Industrial location |z California, Southern. |
| 852 | |a INST |b LESVOS |e 19950322 |h 338.6042 SCO |p 005100002152 |q 005100002152 |t BK |y 0 | ||
| 909 | |a Λ |b 039825 | ||